<?xml version="1.0" encoding="UTF-8"?>
<record
    xmlns:xsi="http://www.w3.org/2001/XMLSchema-instance"
    xsi:schemaLocation="http://www.loc.gov/MARC21/slim http://www.loc.gov/standards/marcxml/schema/MARC21slim.xsd"
    xmlns="http://www.loc.gov/MARC21/slim">

  <leader>01370cam a2200313   4500</leader>
  <controlfield tag="001">ne 67000037 </controlfield>
  <controlfield tag="003">DLC</controlfield>
  <controlfield tag="005">20260227111828.0</controlfield>
  <controlfield tag="008">840723m19659999ku       bd  f000 0 arar </controlfield>
  <datafield tag="010" ind1=" " ind2=" ">
    <subfield code="a">ne 67000037 </subfield>
  </datafield>
  <datafield tag="040" ind1=" " ind2=" ">
    <subfield code="a">DLC</subfield>
    <subfield code="c">DLC</subfield>
    <subfield code="d">DLC</subfield>
  </datafield>
  <datafield tag="050" ind1="0" ind2="0">
    <subfield code="a">PJ6620</subfield>
    <subfield code="b">.M86 1965</subfield>
  </datafield>
  <datafield tag="100" ind1="2" ind2=" ">
    <subfield code="a">Murta&#x1E0D;&#xE1; al-Zab&#x12B;d&#x12B;, Mu&#x1E25;ammad ibn Mu&#x1E25;ammad,</subfield>
    <subfield code="d">1732 or 1733-1791.</subfield>
  </datafield>
  <datafield tag="245" ind1="1" ind2="0">
    <subfield code="a">T&#x101;j al-&#x2BB;ar&#x16B;s min jaw&#x101;hir al-q&#x101;m&#x16B;s /</subfield>
    <subfield code="c">li-Mu&#x1E25;ammad Murta&#x1E0D;&#xE1; al-&#x1E24;usayn&#x12B; al-Zab&#x12B;d&#x12B; ; Ta&#x1E25;q&#x12B;q &#x2BB;Abd al-Satt&#x101;r A&#x1E25;mad Farr&#x101;j ; R&#x101;ja&#x2BB;at&#x2BB;hu lajnah fann&#x12B;yah min Wiz&#x101;rat al-Irsh&#x101;d wa-al-Anb&#x101;&#x2BC;.</subfield>
  </datafield>
  <datafield tag="260" ind1=" " ind2=" ">
    <subfield code="a">[al-Kuwayt] :</subfield>
    <subfield code="b">Ma&#x1E6D;ba&#x2BB;at &#x1E24;uk&#x16B;mat al-Kuwayt,</subfield>
    <subfield code="c">1965-&lt;1997&gt;</subfield>
  </datafield>
  <datafield tag="300" ind1=" " ind2=" ">
    <subfield code="a">v. &lt;1-25, 28-29&gt; ;</subfield>
    <subfield code="c">31 cm.</subfield>
  </datafield>
  <datafield tag="490" ind1="1" ind2=" ">
    <subfield code="a">al-Tur&#x101;th al-&#x2BB;Arab&#x12B; ;</subfield>
    <subfield code="v">16</subfield>
  </datafield>
  <datafield tag="500" ind1=" " ind2=" ">
    <subfield code="a">Title on p. [4] of cover: T&#x101;j al-&#x2BB;ar&#x16B;s.</subfield>
  </datafield>
  <datafield tag="500" ind1=" " ind2=" ">
    <subfield code="a">Vols. individually edited by different groups of scholars.</subfield>
  </datafield>
  <datafield tag="504" ind1=" " ind2=" ">
    <subfield code="a">Includes bibliographical references.</subfield>
  </datafield>
  <datafield tag="650" ind1=" " ind2="0">
    <subfield code="a">Arabic language</subfield>
    <subfield code="v">Dictionaries.</subfield>
  </datafield>
  <datafield tag="700" ind1="1" ind2=" ">
    <subfield code="a">Farr&#x101;j, &#x2BB;Abd al-Satt&#x101;r A&#x1E25;mad.</subfield>
  </datafield>
  <datafield tag="700" ind1="1" ind2=" ">
    <subfield code="a">&#x1E24;ulw, &#x2BB;Abd al-Fatt&#x101;&#x1E25; Mu&#x1E25;ammad.</subfield>
  </datafield>
  <datafield tag="700" ind1="1" ind2=" ">
    <subfield code="a">&#x2BB;Umar, A&#x1E25;mad Mukht&#x101;r.</subfield>
  </datafield>
  <datafield tag="700" ind1="1" ind2=" ">
    <subfield code="a">Jum&#x2BB;ah, Kh&#x101;lid &#x2BB;Abd al-Kar&#x12B;m.</subfield>
  </datafield>
  <datafield tag="700" ind1="1" ind2=" ">
    <subfield code="a">F&#x12B;r&#x16B;z&#x101;b&#x101;d&#x12B;, Mu&#x1E25;ammad ibn Ya&#x2BB;q&#x16B;b,</subfield>
    <subfield code="d">1329-1414 or 1415.</subfield>
    <subfield code="t">Q&#x101;m&#x16B;s al-mu&#x1E25;&#x12B;&#x1E6D;.</subfield>
  </datafield>
  <datafield tag="740" ind1="0" ind2=" ">
    <subfield code="a">T&#x101;j al-&#x2BB;ar&#x16B;s.</subfield>
  </datafield>
  <datafield tag="830" ind1=" " ind2="0">
    <subfield code="a">Tur&#x101;th al-&#x2BB;Arab&#x12B; (Kuwait) ;</subfield>
    <subfield code="v">16.</subfield>
  </datafield>
  <datafield tag="999" ind1=" " ind2=" ">
    <subfield code="c">49299</subfield>
    <subfield code="d">49299</subfield>
  </datafield>
</record>
